1726 1720 1766 1562 1656 1485 1085 1757 1280 1629 1354 1969 1709 1758 1401 1869 1803 1733 1311 1975 1868 1983 1949 1383 1837 1664 1065 1813 1055 1488 1175 1584 1945 1546 1611 1221 1981 1432 1943 1157 1827 1971 1452 1668 1353 1965 1511 1505 1866 1711 1571 1955 1136 1480 1202 1859 1457 1922 1612 1416 1745 1493 1930 1712 1049 1271 1355 1172 1614 1571 1288 1846 1259 1653 1356 1837 1450 1356 1328 1175 1490 1999 1672 1336 1822 1101 1337 1855 1714 1467 1577 1171 1634 1408 1595 1340 1028 1930 1510 BCNSPRNW ULIB Ver.6.0+V

เปลี่ยนเป็นภาษาไทย

Change to English
 แสดงรายละเอียดบรรณานุกรม
  กลับหน้าหลัก

Brief Record : Get Marc (ISO 2709) : E-mail record : QR code < ปิดหน้าต่าง
LEADER : 00000nam 2200000uu 4500
001    13399111877
003     ULIB
008    110627s2552||||th 000 0 tha d
020    9789742126971
090    นว.^bว918G 2552
100 0  เวสต์ แคลร์
245 00 Gulliver s Travels กัลลิเวอร์ผจญภัยสุดขอบโลก/^cเวสต์ แคลร์
250    พิมพ์ครั้งที่ 1
260    กรุงเทพฯ :^bซีเอ็ดยูเคชั่น,^c2552
300    104 หน้า
945    ^p105^l0^i028469
995    ทศพร
999 ^a ใช้งานได้ทุกระบบ
รายการนี้ยังไม่มีแท็ก
คุณยังไม่ได้ล็อกอิน คุณสามารถมีกิจกรรมร่วมกับเว็บไซต์ได้ แต่ต้องล็อกอินก่อน ::
  ล็อกอิน

รายการสื่อสารสนเทศ

ลำดับที่ ประเภท เลขเรียก/บาร์โค้ด สถานที่ สถานะ
- ไม่พบข้อมูล -

รายการใกล้เคียง
    ผู้แต่ง [เวสต์ แคลร์]

BibComment


ยังไม่เคยถูกคอมเมนท์

คอมเมนท์ทรัพยากรรายการนี้
  คอมเมนท์: Gulliver s Travel..


 Copyright 2026. Bcnsprnw @Library